ბათუმის შოთა რუსთაველის სახელმწიფო უნივერსიტეტის ბიბლიოთეკა

Курс высшей математики Учебное пособие для гос. ун-тов (ბიბ.ჩანაწერი № 38606)

000 -LEADER
fixed length control field 00624nam a2200205Ia 4500
001 - CONTROL NUMBER
control field 4739
003 - CONTROL NUMBER IDENTIFIER
control field GE_BSU
008 - FIXED-LENGTH DATA ELEMENTS--GENERAL INFORMATION
fixed length control field 181216s||||||||xx |||||||||||||| ||und||
040 ## - CATALOGING SOURCE
Transcribing agency GE_BSU
080 ## - UNIVERSAL DECIMAL CLASSIFICATION NUMBER
Universal Decimal Classification number 517(075.8)
100 ## - MAIN ENTRY--PERSONAL NAME
Personal name Смирнов, В.И.
245 ## - TITLE STATEMENT
Title Курс высшей математики Учебное пособие для гос. ун-тов
250 ## - EDITION STATEMENT
Edition statement Т.1 . Изд.7-ОЕ
260 ## - PUBLICATION, DISTRIBUTION, ETC.
Place of publication, distribution, etc. Москва
260 ## - PUBLICATION, DISTRIBUTION, ETC.
Name of publisher, distributor, etc. Технико- Теоретической лит-ры
260 ## - PUBLICATION, DISTRIBUTION, ETC.
Date of publication, distribution, etc. 1957
300 ## - PHYSICAL DESCRIPTION
Extent 478 с. 22 см.
653 ## - INDEX TERM--UNCONTROLLED
Uncontrolled term курс высшей математики
942 ## - ADDED ENTRY ELEMENTS (KOHA)
Koha item type წიგნი

არაა ხელმისაწვდომი ეგზემპლარები.